|
|
|
|
| LEADER |
01912nam a2200445 i 4500 |
| 001 |
EBC1433472 |
| 003 |
MiAaPQ |
| 005 |
20200520144314.0 |
| 006 |
m o d | |
| 007 |
cr cnu|||||||| |
| 008 |
140606t20102010gw ob 001 0 ger d |
| 020 |
|
|
|z 9783486591910
|
| 020 |
|
|
|a 9783486718089 (e-book)
|
| 035 |
|
|
|a (MiAaPQ)EBC1433472
|
| 035 |
|
|
|a (Au-PeEL)EBL1433472
|
| 035 |
|
|
|a (CaPaEBR)ebr10874793
|
| 035 |
|
|
|a (CaONFJC)MIL610413
|
| 035 |
|
|
|a (OCoLC)879550800
|
| 040 |
|
|
|a MiAaPQ
|b eng
|e rda
|e pn
|c MiAaPQ
|d MiAaPQ
|
| 043 |
|
|
|a e-gw---
|
| 050 |
|
4 |
|a DD259.5
|b .A384 2010
|
| 082 |
0 |
|
|a 327.43009045
|2 23
|
| 245 |
0 |
0 |
|a Akten zur Auswartigen politik der bundesrepublik Deutschland.
|p 1979 /
|c wissenschaftliche Leiterin Ilse Dorothee Pautsch ; Bearbeiter Michael Ploetz, Tim Szatkowski.
|
| 264 |
|
1 |
|a Munich, Germany :
|b R. Oldenbourg Verlag,
|c 2010.
|
| 264 |
|
4 |
|c 2010
|
| 300 |
|
|
|a 1 online resource (2217 pages)
|
| 336 |
|
|
|a text
|2 rdacontent
|
| 337 |
|
|
|a computer
|2 rdamedia
|
| 338 |
|
|
|a online resource
|2 rdacarrier
|
| 504 |
|
|
|a Includes bibliographical references and index.
|
| 588 |
|
|
|a Description based on online resource; title from PDF title page (ebrary, viewed June 6, 2014).
|
| 590 |
|
|
|a Electronic reproduction. Ann Arbor, MI : ProQuest, 2015. Available via World Wide Web. Access may be limited to ProQuest affiliated libraries.
|
| 651 |
|
0 |
|a Germany (West)
|x Foreign relations
|v Sources.
|
| 655 |
|
4 |
|a Electronic books.
|
| 700 |
1 |
|
|a Pautsch, Dorothee,
|e field director.
|
| 700 |
1 |
|
|a Ploetz, Michael,
|e editor.
|
| 700 |
1 |
|
|a Szatkowski, Tim,
|e editor.
|
| 776 |
0 |
8 |
|i Print version:
|t Akten zur Auswartigen politik der bundesrepublik Deutschland. 1979.
|d Munich, Germany : R. Oldenbourg Verlag, c2010
|h lxxxviii, 2128 pages
|z 9783486591910
|
| 797 |
2 |
|
|a ProQuest (Firm)
|
| 856 |
4 |
0 |
|u https://ebookcentral.proquest.com/lib/matrademy/detail.action?docID=1433472
|z Click to View
|